000 00851nam a2200253 4500
001 13438
003 HDC
007 cr bn ---aaaaa
008 210212c xx dr|nes 0 a may d
040 _aHDC
100 _aFARAH ZAMIRA FARUSH KHAN,
_eauthor
_914246
245 0 _aTerlalu sedikit produk halal /
_cby FARAH ZAMIRA FARUSH KHAN
260 _a[No place] :
_b[publisher not identified],
_c[no year]
336 _atext
_2rdacontent
337 _acomputer
_2rdamedia
338 _aonline resource
_2rdacarrier
650 _aBusiness
_9207
650 _aHalal food industry
_9128
710 _aSinar Harian
856 _zRequest full-text at [email protected]
942 _2lcc
942 _cNEWS
942 _kNWSC 004403
999 _c10754
_d10754